European Self Storage Annual Survey 2015 (Record no. 115599)

MARC details
000 -LEADER
fixed length control field 00925cam a22002175a 4500
001 - CONTROL NUMBER
control field L158958
008 - FIXED-LENGTH DATA ELEMENTS--GENERAL INFORMATION
fixed length control field 151103s2015 xxk f 000 0 eng d
035 ## - SYSTEM CONTROL NUMBER
System control number (Sirsi) u158958
041 0# - LANGUAGE CODE
Language code of text/sound track or separate title eng
110 2# - MAIN ENTRY--CORPORATE NAME
Corporate name or jurisdiction name as entry element Jones Lang LaSalle
9 (RLIN) 3755
245 00 - TITLE STATEMENT
Title European Self Storage Annual Survey 2015
Medium [electronic resource]
260 ## - PUBLICATION, DISTRIBUTION, ETC.
Place of publication, distribution, etc. [S.l.]
Name of publisher, distributor, etc. JLL
Date of publication, distribution, etc. 2014
520 ## - SUMMARY, ETC.
Summary, etc. Outlines the results of the Federation of European Self Storage Associations' and JLL's joint survey which analyses the trends, opportunities and outlook for the self storage market across Europe. Excludes UK and Russia.
590 ## - LOCAL NOTE (RLIN)
Local note KA
650 24 - SUBJECT ADDED ENTRY--TOPICAL TERM
Topical term or geographic name entry element SELF-STORAGE
651 #4 - SUBJECT ADDED ENTRY--GEOGRAPHIC NAME
Geographic name Europe
690 ## - LOCAL SUBJECT ADDED ENTRY--TOPICAL TERM (OCLC, RLIN)
Topical term or geographic name as entry element Commercial property
9 (RLIN) 6227
710 1# - ADDED ENTRY--CORPORATE NAME
Corporate name or jurisdiction name as entry element Federation of European Self Storage Associations
856 40 - ELECTRONIC LOCATION AND ACCESS
Uniform Resource Identifier <a href="https://www.jll.eu/emea/en-gb/research/226/european-self-storage-annual-survey-2015">https://www.jll.eu/emea/en-gb/research/226/european-self-storage-annual-survey-2015</a>
Public note View the report after free registration at www.jll.eu
942 ## - ADDED ENTRY ELEMENTS (KOHA)
Suppress in OPAC 0
Holdings
Withdrawn status Lost status Source of classification or shelving scheme Damaged status Not for loan Home library Current library Shelving location Date acquired Total Checkouts Full call number Barcode Date last seen Copy number Price effective from Koha item type
    Dewey Decimal Classification     Virtual Virtual Online 03/11/2015   ONLINE PUBLICATION 158958-2001 06/08/2019 1 06/08/2019 Book